000 00384nam a2200157Ia 4500
003 OSt
005 20230529144536.0
008 211028s2015 xx 000 0 und d
040 _cAIMIT LIBRARY
041 _aeng
100 _aDevi, Oinam Martina; Ruban, S.
_98590
_e131918
110 _aS Ruban
_98591
245 _aSchool cinema.
260 _aMangalore
_c2015
942 _2ddc
_cPRO
999 _c219964
_d219964